000 00316nam a2200109Ia 4500
008 190216s9999||||xx |||||||||||||| ||und||
100 _aLewis Brown&Amp; Leslier Howard
245 0 _aPrinciples And Practice Of Management Accountancy
260 _bThe English Language Book Society
_c1978
300 _a756p
942 _cBK
999 _c4089
_d4089